Jedyne pozostałe europejskie państwo #2 - Statystyki

Ogólne statystyki
  • Ten quiz został rozwiązany 111 razy
  • Średni wynik to 26 z 45
Odpowiedzi na mapie
Odpowiedzi zakodowano w zielono-czerwonej skali na mapie do tego quizu, zgodnie z poniższymi procentami.
 
Statystyki odpowiedzi
Podpowiedź Państwo % Poprawnych
Adolf Hitler urodził się na terenie tego państwa Austria
92%
100% jego populacji stanowią Włosi Watykan
92%
Państwo wyspiarskie które nie ma krzyżu na swojej fladze Irlandia
89%
Najmłodsze państwo Europy Kosowo
86%
Jego stolica to Мінск w jego ojczystym języku Białoruś
85%
Było częścią Czechosłowacji Słowacja
84%
Jego język składa się z 3 głównych dialektów: Ømål, Jysk i Bornholmsk Dania
82%
Państwo to reprezentuje największa liczba bohaterów, którzy ratowali Żydów Polska
82%
Jego flaga jest kwadratowa Szwajcaria
81%
Najmniejsze państwo na Półwyspie Iberyjskim Andora
80%
Drugie największe państwo Beneluksu Belgia
80%
Jego środek znajduje się w Bośni i Hercegowinie Chorwacja
80%
Zaczyna się na literę P Portugalia
77%
Jan Janský - lekarz z tego państwa odkrył że krew dzieli się na cztery grupy Czechy
74%
W skład tego państwa wchodzą cztery krainy historyczne: Liwonia, Łatgalia, Kurlandia i Semigalia Łotwa
72%
Jest najmniejszym państwem bałtyckim Estonia
70%
Skolonizowało Indonezję Holandia
70%
Jedyne niemieckojęzyczne państwo nie graniczące z Niemcami Liechtenstein
70%
Jest najstarszą monarchią na świecie Wielka Brytania
70%
Jego stolica leży nad Dnieprem Ukraina
69%
Europejskie państwo wyspiarskie Islandia
68%
Są tam najładniejsze więzienia na świecie Norwegia
66%
Nowy rok w tym państwie obchodzi się dwukrotnie Rosja
64%
Najdłuższą rzeką w tym państwie jest Ren Niemcy
61%
Piąte najmniejsze państwo w Europie Malta
58%
Jego stolica bywa nazywana „Małym Paryżem” lub „Paryżem Wschodu” Rumunia
57%
Jego językiem urzędowym jest francuski Monako
55%
Jego stolica powstała z połączenia obu miast Węgry
55%
Jego język jest jednym z języków oficjalnych ONZ Hiszpania
50%
Nazwa tego państwa w jego ojczystym języku to Shqipëri Albania
45%
W tym państwie leżą takie miasta jak: Płowdiw, Jamboł czy Ruse Bułgaria
43%
Główną jego rzeką jest Wardar Macedonia Północna
42%
Leży na Bałkanach Czarnogóra
41%
Abraham Lincoln jest honorowym obywatelem tego małego państwa San Marino
39%
Graniczy z dwoma państwami Szwecja
39%
Małe państwo które składa się z 12 kantonów, a te dzielą się na 105 gmin Luksemburg
38%
W 2020 zmieniło odcienie na swojej fladze Francja
35%
Jego stolica jest najbardziej mokrą stolicą europejską Słowenia
30%
Aleja Giedymina leżąca w tym państwie to jedna z najdroższych ulic na świecie Litwa
28%
80% powierzchni tego państwa stanowią góry Grecja
27%
Woda w jego stolicy jest jedną z najczystszych na świecie Finlandia
22%
Otwarto tam pierwszą kawiarnię w Europie w 1522 roku Serbia
22%
Jest to pierwsze państwo w Europie bez publicznej telewizji Bośnia i Hercegowina
15%
Ma trzeci najszybszy internet na świecie Mołdawia
14%
Leży w Europie Włochy
14%
Nie znaleziono quizów pasujących do podanych kryteriów
Rozkład punktacji
Procent ludzi z każdym wynikiem
Percentyl według liczby udzielonych odpowiedzi
Twoja historia wyników
Nie rozwiązałeś tego quizu